Caracterización geotécnica de los limos porosos de Santa Cruz de Turrialba
Bewaard in:
| Hoofdauteur: | |
|---|---|
| Formaat: | Boek |
| Gepubliceerd in: |
[San José, Costa Rica]
2003
|
| Onderwerpen: | |
| Tags: |
Voeg label toe
Geen labels, Wees de eerste die dit record labelt!
|
MARC
| LEADER | 00000nam a2200000Ia 4500 | ||
|---|---|---|---|
| 003 | 009257 | ||
| 005 | 20221231144142.0 | ||
| 008 | 140114s2003 cr a m 000 ||s d | ||
| 040 | |c cru CEDI | ||
| 090 | |a TFG 4797 | ||
| 100 | |a Murillo Alfaro, Rolando |9 6678 | ||
| 245 | |a Caracterización geotécnica de los limos porosos de Santa Cruz de Turrialba | ||
| 260 | |c 2003 |a [San José, Costa Rica] | ||
| 300 | |a vii, 173 hojas : ilustraciones (algunas a color), mapas color | ||
| 500 | |a Proyecto de graduación (licenciatura en ingeniería civil)--Universidad de Costa Rica, Facultad de Ingeniería, Escuela de Ingeniería Civll | ||
| 650 | |x MECANICA DE SUELOS |x LIMO |x COMPOSICION |x PLASTICIDAD |x CIMENTACIONES |x CENIZAS Y TOBAS VOLCANICAS |x SANTA CRUZ (TURRIALBA, CARTAGO, COSTA RICA) |9 6679 | ||
| 942 | |c TFG | ||
| 999 | |c 17636 |d 17636 | ||
